[Event "IECG C3.2000.0.00133"]
[Site "IECG email"]
[Date "2000.03.28"]
[Round "?"]
[White "Radulovic, Tomislav"]
[Black "McCullum, Kurt"]
[Result "1-0"]
[WhiteElo "1000"]
[BlackElo "1300"]
[PlyCount "45"]
[EventDate "2000.03.28"]
[EventType "tourn (corr)"]
[EventRounds "6"]
[SourceTitle "Corr 2008"]
[Source "ChessBase"]
[SourceDate "2008.06.24"]
[SourceVersion "1"]
[SourceVersionDate "2008.06.24"]
[SourceQuality "1"]

1. e4 e5 2. Nf3 Nc6 3. Bc4 Nf6 4. d3 h6 5. Nc3 d6 6. Be3 Be6 7. Bxe6 fxe6 8. d4 exd4 9. Nxd4 Nxd4 10. Qxd4 e5 11. Qc4 c5 12. 0-0-0 Qd7 13. f4 Ng4 14. Bxc5 exf4 15. h3 b6 16. hxg4 bxc5 17. Nd5 Qf7 18. Qa6 Rd8 19. e5 dxe5 20. Qc6+ Rd7 21. Nf6+ gxf6 22. Qc8+ Rd8 23. Qxd8# 1-0